000 00277nam a2200121Ia 4500
008 190216s9999||||xx |||||||||||||| ||und||
100 _aRadhakrishnan C
245 0 _aAgni
260 _bPoorna Pubs Kozhikode
_c1991
300 _a110p
650 _aMalayalam Novel
942 _cBK
999 _c26549
_d26549